000 00387nam a2200145Ia 4500
008 230917s9999||||xx |||||||||||||| ||und||
040 _e71788
_aMAIN
041 _aEnglish
082 _a005.2768 M896V
100 _aMukhi, Vijay
245 0 _aVijay Mukhi's the 'c' odyssey unix- the open boundless c
260 _aNew Delhi
_bPublications
_c1992
300 _axi, 555 p.
942 _cBK
999 _c106807
_d106807